Football nationalité étrangère les plus représentées en ligue 1 - Statistiques

Statistiques générales
  • Ce quiz a été pris 77 fois
  • Le résultat moyen est 11 sur 14
Statistiques - réponses
Nombre de joueurs Pays % Correct
10 Algérie
97%
16 Maroc
97%
7 Espagne
93%
28 Sénégal
93%
11 Brésil
91%
12 Portugal
84%
8 Argentine
81%
8 Cameroun
80%
13 Belgique
78%
19 Cote d'ivoire
77%
14 Mali
75%
12 Angleterre
71%
7 Danemark
42%
11 Ghana
41%
Aucun quiz correspondant
Distribution des résultats
% des personnes avec chaque résultat
Percentile par nombre de réponses
Votre historique - résultats
Vous n’avez pas pris ce quiz